| 000 | 00626nam a2200253Ia 4500 | ||
|---|---|---|---|
| 999 |
_c51405 _d51405 |
||
| 001 | 18390 | ||
| 003 | GE_BSU | ||
| 005 | 20230927120815.0 | ||
| 008 | 181216s2000||||enk|||||||||||||| ||eng|| | ||
| 020 | _a9780582306059 | ||
| 040 | _cGE_BSU | ||
| 041 | _aeng | ||
| 080 | _a070 F-94 | ||
| 100 |
_aFrost, Chris _919933 |
||
| 245 |
_aMedia Ethics and Self-Regulation _cChris Frost. |
||
| 260 | _aHarlow | ||
| 260 | _bPearson Longman | ||
| 260 | _c2000 | ||
| 300 |
_a271p. _b23cm. |
||
| 541 | _h52 Gel. | ||
| 653 | _aმედია ეთიკა | ||
| 653 | _aჟურნალისტიკა | ||
| 942 |
_cBK _2udc |
||